000 00619nam a2200241Ia 4500
003 OSt
005 20221005131509.0
006 a|||||r|||| 00| 0
007 ta
008 221004b |||||||| |||| 00| 0 eng d
024 _a48683
037 _cTextual
040 _aCRL
_cCRL
_beng
041 _2eng
_aeng
082 _aP123 :7, 111E0
100 _aMacdonald george R
_9639679
245 0 _aSpanish composition
260 _c1900
490 _aHossfeld's educational series
650 _aLINGUISTICS
942 _hP123 :7, 111E0
_cTEXL
_2cc
999 _c1060522
_d1060522